عرض عادي
عرض مارك
- Håkansson, Håkan,
مدخل إسم شخص
001 - رقم الضبط
- حقل الضبط: 17196
003 - معرف رقم الضبط
- حقل الضبط: OSt
005 - تاريخ ووقت أخر عملية
- حقل الضبط: 20120918151400.0
008 - عناصر بيانات ثابتة الطول
- حقل تحكم ثابت الطول: 120918|||a|||||| | ||| d
040 ## - مصدر الفهرسة
- هيئة الفهرسة الأصلية: OSt
- وكالة الكتابة: OSt
100 ## - مدخل -- أسم شخص
- إسم شخص: Håkansson, Håkan,
- تواريخ مرتبطة بالاسم: 1947-
670 ## - بيانات المصدر موجوده
- الاستشهاد بالمصدر: Work cat.: (OSt)0: Håkansson, Håkan, 1947-, Accounting in networks /, 2010.
